| 000 | 00399nam a2200145Ia 4500 | ||
|---|---|---|---|
| 008 | 240624s9999 xx 000 0 und d | ||
| 041 | _aeng | ||
| 082 | _a658.3 ARM | ||
| 100 | _aARMSTRONG MICHAEL | ||
| 245 | _aARMSTRONG S HANDBOOK OF REWARD MANAGEMENT PRACTICE IMPROV | ||
| 250 | _a(3rd ed.) | ||
| 260 |
_c2010 _aNew Delhi _bKogan Page |
||
| 300 | _aviii, : 474 : p. : cm. ; 24 | ||
| 365 |
_cRS _b30 |
||
| 999 |
_c15077 _d15077 |
||